00759nam a2200253 a 4500999001700000003000900017005001700026008004100043020002700084020003000111040001000141082001100151100002200162245002500184250001200209260004100221300001700262650001400279650001500293700001600308856006300324942001200387952010600399 c11194d11194PK-NaQUE20250704095743.0250704b ||||| |||| 00| 0 eng d a0321811054 (Paperback) a9780321811059 (Paperback) cQUEST a546MIE1 aMiessler, Gary L.10aInorganic Chemistry  a3rd ed. aNew DelhibPearsons Educationc2013. aXIV,696 p. ; aChemistry aInorganic  aTarr, Donal uhttp://10.10.170.122:8080/browse/book/2486yDownload eBook cBK2ddc 00104070aREFbREFd2014-10-24g1481.00l0o541.33MIE (Shelf - 33C)p50886r2014-10-24 00:00:00yBK